Statystyki dla Podaj przykład innego niż klasa pomieszczenia w szkole.

Kliknij tutaj aby rozwiązać quiz!

Ogólne statystyki

  • Ten quiz został rozwiązany 22 razy
  • Średni wynik to 4 z 6

Statystyki odpowiedzi

Odpowiedź% Poprawnych
Sala Gimnastyczna
90%
Sekretariat
60%
Stołówka
60%
Szatnia
60%
Pokój nauczycielski
45%
Gabinet Dyrektora
35%

Rozkład punktacji

Percentyl według liczby udzielonych odpowiedzi

Procent ludzi z każdym wynikiem

Twoja historia wyników

Nie rozwiązałeś tego quizu